|
|
|
|
| LEADER |
01124nam a2200265 a 4500 |
| 001 |
4018103 |
| 008 |
100731s1998 maua b 001 0 eng d |
| 010 |
|
|
|a 97039530
|
| 020 |
|
|
|a 0072929278
|
| 040 |
|
|
|a DLC
|c DLC
|d DLC
|d DB-DhAAL
|
| 082 |
0 |
0 |
|a 657/.044
|2 21
|
| 100 |
1 |
|
|a Chasteen, Lanny G.,
|d 1942-
|
| 245 |
1 |
0 |
|a Ready Notes for use with Intermediate accounting /
|c Lanny G. Chasteen, Richard E. Flaherty, Melvin C. O'Connor ;prepared by Paula L. Irwin
|
| 250 |
|
|
|a 6th ed.
|
| 260 |
|
|
|a Boston :
|b Irwin McGraw Hill,
|c c1998.
|
| 300 |
|
|
|a 1 v. (various pagings) :
|b ill. ;
|c 29 cm.
|
| 504 |
|
|
|a Includes index.
|
| 541 |
1 |
|
|e 00007920
|
| 650 |
|
0 |
|a Accounting.
|
| 700 |
1 |
|
|a Flaherty, Richard E.,
|d 1944-
|
| 700 |
1 |
|
|a O'Connor, Melvin C.
|
| 852 |
4 |
|
|a Ayesha Abed Library
|j General Shelf.
|
| 999 |
|
|
|c 9288
|d 9288
|
| 952 |
|
|
|0 0
|1 0
|2 ddc
|4 0
|6 657_044000000000000_CHA_1998
|7 0
|9 11721
|a BRACUL
|b BRACUL
|c GEN
|d 2010-08-24
|l 0
|o 657.044 CHA
|p 3010007920
|r 2010-08-24
|t 1
|w 2010-08-24
|y BK
|
| 952 |
|
|
|0 0
|1 0
|2 ddc
|4 0
|6 657_044000000000000_CHA_1998
|7 0
|9 17961
|a BRACUL
|b BRACUL
|c GEN
|d 2011-09-06
|l 0
|o 657.044 CHA
|p 3010007921
|r 2011-09-06
|t 2
|w 2011-09-06
|y BK
|